Equipos Argentinos por la camiseta - Estadísticas

Estadísticas generales
  • Esta prueba ha sido intentada 83 veces
  • La puntuación promedio es 21 de 32
Estadísticas de respuestas
Imagen Respuesta % Correcto
Tigre
87%
Deportivo Riestra
86%
Godoy Cruz
86%
Racing Club
84%
River Plate
84%
Colón
83%
Lanús
83%
Platense
81%
Boca Juniors
80%
Quilmes
80%
Banfield
76%
Central Córdoba (SdE)
76%
Unión
70%
Sarmiento (J)
69%
Aldosivi
67%
Estudiantes (LP)
67%
Independiente
63%
Rosario Central
61%
San Martín (SJ)
61%
Instituto
59%
San Lorenzo
59%
Barracas Central
57%
Vélez Sarsfield
57%
Huracán
56%
Independiente Rivadavia
54%
Talleres (Cba)
54%
Gimnasia y Esgrima (LP)
50%
Defensa y Justicia
49%
Argentinos Juniors
46%
Belgrano
44%
Atlético Tucumán
37%
Newells Old Boys
31%
No se encontraron pruebas coincidentes
Distribución de puntuación
Porcentaje de gente con cada puntuación
Porcentaje por número respondido
Historial de tus puntuaciones
No has intentado esta prueba.